[Event "Ì15Ï"]
[Site "Loo"]
[Date "2017.04.23"]
[Round "4.50"]
[White "Ñìåëûõ, Ýäâèí."]
[Black "Ñòåïàíîâ, Ñåðãåé."]
[Result "0-1"]
[WhiteElo "1635"]
[BlackElo "1406"]
[PlyCount "66"]
[EventDate "2017.04.20"]

1. e4 e5 2. Nf3 Nc6 3. Bb5 a6 4. Ba4 Nf6 5. O-O b5 6. Bb3 Be7 7. d3 Bb7 8. Nc3
O-O 9. Re1 d6 10. a4 b4 11. Ne2 Na5 12. Ba2 Qd7 13. Ng3 Nc6 14. h3 h6 15. c3
Rfe8 16. Qb3 Bf8 17. cxb4 Kh8 18. Bd2 Qe6 19. Qc2 Qd7 20. Bc3 d5 21. exd5 Nxd5
22. Nxe5 Nxe5 23. Bxe5 Nxb4 24. Qb1 Nxd3 25. Rd1 Qc6 26. Bxg7+ Bxg7 27. f3 Qc5+
28. Kh2 Nf4 29. Nf5 Re2 30. Rg1 Rxb2 31. Qe1 Qxf5 32. Qg3 Be5 33. Bb1 Rxb1 0-1

[Event "Ì15Ï"]
[Site "Loo"]
[Date "2017.04.23"]
[Round "4.51"]
[White "ßñòðåáîâ, Íèêèòà."]
[Black "Èëüþøèí, Òèìîôåé."]
[Result "1-0"]
[WhiteElo "1602"]
[BlackElo "1376"]
[PlyCount "41"]
[EventDate "2017.04.20"]

1. d4 e6 2. Bf4 b6 3. e3 Bb7 4. Nf3 f5 5. Bd3 Nf6 6. c4 Bb4+ 7. Nc3 O-O 8. Qc2
Ne4 9. a3 Bxc3+ 10. bxc3 g5 11. Bg3 h5 12. h3 Nxg3 13. fxg3 d6 14. g4 hxg4 15.
hxg4 Qf6 16. gxf5 exf5 17. Rh5 Bxf3 18. gxf3 Qe7 19. Qe2 Nd7 20. O-O-O Rf7 21.
Rdh1 1-0

[Event "Ì15Ï"]
[Site "Loo"]
[Date "2017.04.23"]
[Round "4.52"]
[White "Êîíîâàëîâ, Àëåêñåé."]
[Black "Àíòîíîâ, Àíäðåé."]
[Result "1/2-1/2"]
[WhiteElo "1581"]
[BlackElo "1373"]
[PlyCount "81"]
[EventDate "2017.04.20"]

1. e4 c5 2. Nf3 Nc6 3. d4 cxd4 4. Nxd4 Nf6 5. Nc3 e5 6. Ndb5 d6 7. Bg5 a6 8.
Na3 b5 9. Nd5 Be7 10. Bxf6 Bxf6 11. c3 O-O 12. Nc2 Bg5 13. h4 Bh6 14. a4 Rb8
15. Ncb4 Nxb4 16. cxb4 Bd7 17. g3 Bc6 18. Be2 bxa4 19. O-O Bxd5 20. Qxd5 Rxb4
21. Bc4 Rxb2 22. Rxa4 Rd2 23. Qa5 Qxa5 24. Rxa5 Rd4 25. Bd5 Bd2 26. Rxa6 Bb4
27. Ra7 Bc5 28. Rd7 Rd2 29. g4 g6 30. g5 Rb2 31. Kg2 Kg7 32. Kg3 Rbb8 33. f4
Rbd8 34. Rxd8 Rxd8 35. fxe5 Rf8 36. e6 fxe6 37. Rxf8 Kxf8 38. Bxe6 Bd4 39. Kg4
Kg7 40. h5 gxh5+ 41. Kxh5 1/2-1/2

[Event "Ì15Ï"]
[Site "Loo"]
[Date "2017.04.23"]
[Round "4.53"]
[White "Ðÿõîâñêèé, Ìàðê."]
[Black "Äîðîôååâ, Äåíèñ."]
[Result "1/2-1/2"]
[WhiteElo "1364"]
[BlackElo "1581"]
[PlyCount "103"]
[EventDate "2017.04.20"]

1. c4 c5 2. g3 Nc6 3. Bg2 e5 4. Nc3 g6 5. Nf3 Bg7 6. O-O d6 7. Ne1 Nge7 8. Nc2
O-O 9. d3 f5 10. Ne3 Rb8 11. Ned5 h6 12. a3 a6 13. Be3 Be6 14. Qd2 Kh7 15. Rab1
b5 16. cxb5 axb5 17. b4 Nxd5 18. Nxd5 Bxd5 19. Bxd5 Nd4 20. bxc5 dxc5 21. Bxd4
Qxd5 22. Be3 g5 23. Qc2 Rfc8 24. Rfd1 Kh8 25. f4 gxf4 26. gxf4 Rb6 27. Kf2 exf4
28. Bxf4 Rg6 29. Rg1 Bd4+ 30. e3 Rcg8 31. Rxg6 Rxg6 32. Rg1 Rxg1 33. Kxg1 Bg7
34. Qb1 c4 35. d4 Bxd4 36. Bxh6 Bf6 37. Qc2 c3 38. Kf2 Qc5 39. Bf4 Kh7 40. Qb3
Kg7 41. Qc2 Kg6 42. Qb3 Qc8 43. Qc2 Qc4 44. Ke1 Bh4+ 45. Bg3 Bg5 46. Bf4 Bf6
47. Qg2+ Kf7 48. Qb7+ Ke8 49. Qb8+ Kf7 50. Qb7+ Kg6 51. Qg2+ Kf7 52. Qb7+
1/2-1/2

[Event "Ì15Ï"]
[Site "Loo"]
[Date "2017.04.23"]
[Round "4.54"]
[White "Áóðäèí, Øàõðîì."]
[Black "Íàãèáèí, Äàíèëà."]
[Result "1-0"]
[WhiteElo "1579"]
[BlackElo "1239"]
[PlyCount "83"]
[EventDate "2017.04.20"]

1. e4 e5 2. Nf3 Nc6 3. Bc4 Nf6 4. d3 Bc5 5. Bg5 h6 6. Bh4 d6 7. h3 Be6 8. Bb3
O-O 9. Nc3 Nd4 10. Nxd4 Bxd4 11. O-O c6 12. Qc1 b5 13. Ne2 Bb6 14. c3 c5 15. c4
bxc4 16. Bxc4 Qe7 17. Bxe6 fxe6 18. Nc3 Rac8 19. a3 Rf7 20. Kh1 g5 21. Bg3 Nh5
22. Bh2 Nf4 23. Bxf4 exf4 24. f3 h5 25. Na4 Bd8 26. Qd2 e5 27. Nc3 Ba5 28. Qc2
Rh7 29. Nd5 Qg7 30. Qc4 Kh8 31. Qa6 Rg8 32. Qxa5 g4 33. Qd2 gxh3 34. gxh3 Rh6
35. Rg1 Qd7 36. Rxg8+ Kxg8 37. Qg2+ Kh7 38. Rg1 Qf7 39. Qg5 Qg6 40. Qe7+ Kg8
41. Nf6+ Kh8 42. Qf8+ 1-0

[Event "Ì15Ï"]
[Site "Loo"]
[Date "2017.04.23"]
[Round "4.55"]
[White "Êàðäîíîâ, Áààòð."]
[Black "Áåëîâ, Ñòåïàí."]
[Result "1-0"]
[WhiteElo "1574"]
[BlackElo "1216"]
[PlyCount "75"]
[EventDate "2017.04.20"]

1. d4 d5 2. Nf3 Nf6 3. c4 dxc4 4. Nc3 a6 5. e4 b5 6. a3 Nc6 7. Be2 Bg4 8. e5
Nd5 9. O-O e6 10. Be3 Be7 11. Nd2 Bf5 12. Nde4 Na5 13. Ng3 Bg6 14. Nxd5 exd5
15. f4 f5 16. Bh5 Qd7 17. e6 Qxe6 18. Bd2 Nc6 19. Re1 Qf6 20. Bc3 Kf7 21. Qf3
Rad8 22. Rad1 Rhe8 23. Bxg6+ hxg6 24. Kf2 Rh8 25. h3 Rh4 26. Ne2 Bd6 27. Rh1
Rdh8 28. Qxd5+ Ke7 29. Qxc6 g5 30. Rde1 Kd8 31. d5 Qg6 32. Nd4 Rxf4+ 33. Kg1
Rxd4 34. Bxd4 Rh4 35. Qa8+ Kd7 36. Qc6+ Kd8 37. Be5 Bxe5 38. Qxg6 1-0

[Event "Ì15Ï"]
[Site "Loo"]
[Date "2017.04.23"]
[Round "4.56"]
[White "Ïåðåãóäîâ, Äåíèñ."]
[Black "Ëåáåäåâ, Ìàòâåé."]
[Result "0-1"]
[WhiteElo "1568"]
[BlackElo "1189"]
[PlyCount "118"]
[EventDate "2017.04.20"]

1. d4 d5 2. Bf4 Nf6 3. e3 Bf5 4. c4 e6 5. Qb3 b6 6. Nc3 Bd6 7. Bxd6 Qxd6 8. c5
Qd8 9. cxb6 axb6 10. Nf3 O-O 11. Be2 Nbd7 12. O-O c5 13. a3 h6 14. Rac1 Qe7 15.
Nb5 Ra5 16. Nc3 Ne4 17. Qd1 c4 18. Nxe4 Bxe4 19. Nd2 Bh7 20. Nb1 b5 21. Qd2 Ra6
22. h3 Rb8 23. Rc3 Nf6 24. f3 b4 25. axb4 Qxb4 26. b3 Ra1 27. Rcc1 Rxb1 28.
Qxb4 Rxb4 29. Rxb1 Bxb1 30. Rxb1 Rxb3 31. Rxb3 cxb3 32. Kf2 Nd7 33. Ke1 Nb6 34.
Kd1 Nc4 35. e4 b2 36. Kc2 Ne3+ 37. Kxb2 dxe4 38. fxe4 Nxg2 39. Kc3 g5 40. Kc4
Kf8 41. Kc5 Ke7 42. Kc6 Nf4 43. Bf1 h5 44. d5 exd5 45. exd5 g4 46. hxg4 hxg4
47. Ba6 g3 48. Bf1 Kd8 49. Kd6 g2 50. Bxg2 Nxg2 51. Ke5 Ne3 52. Kf6 Ke8 53. d6
Nd5+ 54. Ke5 Nb6 55. Kf6 Kf8 56. Kf5 Nd7 57. Ke4 f6 58. Kf5 Kf7 59. Kf4 Ke6 0-1

[Event "Ì15Ï"]
[Site "Loo"]
[Date "2017.04.23"]
[Round "4.57"]
[White "Øïóðîâ, Àëåêñàíäð."]
[Black "Äÿøêèí, Äìèòðèé."]
[Result "0-1"]
[WhiteElo "1237"]
[BlackElo "1568"]
[PlyCount "72"]
[EventDate "2017.04.20"]

1. e4 c5 2. Nf3 Nc6 3. c4 g6 4. d4 cxd4 5. Nxd4 Bg7 6. Be3 Nf6 7. f3 d6 8. Nc3
Bd7 9. Be2 Qa5 10. O-O O-O 11. Qc2 Rac8 12. a3 Ne5 13. b4 Qd8 14. c5 dxc5 15.
bxc5 Qa5 16. Nb3 Qc7 17. Rac1 Rfd8 18. Nd5 Nxd5 19. exd5 Ba4 20. Qa2 Bxb3 21.
Qxb3 Nd7 22. Rfd1 Qe5 23. f4 Qb2 24. Qxb2 Bxb2 25. Rc2 Bxa3 26. Ra1 Bxc5 27.
Bxc5 Rxc5 28. Rxc5 Nxc5 29. Rxa7 Rxd5 30. Bf3 Rd7 31. Ra5 Rc7 32. Kf2 Kg7 33.
Ke3 Kf6 34. Rb5 h5 35. Kd4 Ne6+ 36. Ke3 Rc4 {çàïèñü íåðàçáîð~~èâà} 0-1

[Event "Ì15Ï"]
[Site "Loo"]
[Date "2017.04.23"]
[Round "4.58"]
[White "Êîäçîåâ, Àëåêñàíäð."]
[Black "Áåçóõîâ, Àëåêñàíäð."]
[Result "0-1"]
[WhiteElo "1229"]
[BlackElo "1564"]
[PlyCount "84"]
[EventDate "2017.04.20"]

1. d4 Nf6 2. c4 g6 3. Nc3 Bg7 4. e4 d6 5. f4 O-O 6. Nf3 c5 7. d5 e6 8. Bd3 exd5
9. cxd5 a6 10. a4 Re8 11. O-O a5 12. h3 Na6 13. Bxa6 Rxa6 14. Re1 Nd7 15. Bd2
b6 16. Qc2 Ra8 17. Nb5 Nf6 18. e5 dxe5 19. fxe5 Nxd5 20. Bg5 f6 21. exf6 Rxe1+
22. Rxe1 Bxf6 23. Qc4 Kg7 24. Bxf6+ Nxf6 25. Ng5 Bf5 26. Qf7+ Kh6 27. Ne6 Qd2
28. Qg7+ Kh5 29. g4+ Kh4 30. Qxf6+ Kxh3 31. Qc3+ Qxc3 32. bxc3 Kxg4 33. Nec7
Rd8 34. Rc1 h5 35. c4 Rd3 36. Na8 h4 37. Nxb6 h3 38. Nd5 Kg3 39. Nbc3 h2+ 40.
Kh1 g5 41. Rc2 Rd1+ 42. Nxd1 Be4+ 0-1

[Event "Ì15Ï"]
[Site "Loo"]
[Date "2017.04.23"]
[Round "4.61"]
[White "Êîíîòîï, Äàíèèë."]
[Black "Àðõèí÷ååâ, Âëàä."]
[Result "1-0"]
[WhiteElo "1620"]
[BlackElo "1285"]
[PlyCount "77"]
[EventDate "2017.04.20"]

1. e4 c5 2. Nf3 Nc6 3. d4 cxd4 4. Nxd4 e5 5. Nb5 d6 6. N1c3 a6 7. Na3 b5 8. Nd5
Nce7 9. Be3 Nxd5 10. Qxd5 Be6 11. Qd2 Nf6 12. f3 Be7 13. Be2 h6 14. c3 O-O 15.
Nc2 Qc7 16. O-O Rad8 17. Qc1 d5 18. exd5 Nxd5 19. Bf2 Bg5 20. Qe1 Nf4 21. Ne3
Nxe2+ 22. Qxe2 f5 23. Rfd1 Qf7 24. b3 Bf6 25. Rac1 Kh7 26. c4 bxc4 27. Nxc4
Rxd1+ 28. Qxd1 Bxc4 29. Rxc4 Rd8 30. Qc2 Qd7 31. Be1 Qa7+ 32. Kf1 Rd4 33. Qxf5+
Kh8 34. Rc8+ Rd8 35. Rxd8+ Bxd8 36. Qf8+ Kh7 37. Qxd8 Qb7 38. Qd3+ g6 39. Bc3
1-0

[Event "Ì15Ï"]
[Site "Loo"]
[Date "2017.04.23"]
[Round "4.62"]
[White "Ïàâëè÷åíêî, Íèêèòà."]
[Black "Ìõèòàðÿí, Êàðåí."]
[Result "1/2-1/2"]
[WhiteElo "1539"]
[BlackElo "1280"]
[PlyCount "72"]
[EventDate "2017.04.20"]

1. d4 d5 2. Bf4 e6 3. e3 Nf6 4. Nf3 c5 5. c3 Nbd7 6. Nbd2 g6 7. Bb5 c4 8. Ne5
Bg7 9. Ndf3 O-O 10. Nxd7 Bxd7 11. Bxd7 Nxd7 12. O-O Rc8 13. Re1 Qb6 14. Qc2
Rfe8 15. e4 Nf6 16. exd5 Nxd5 17. Be5 Qd8 18. Rad1 b5 19. Bxg7 Kxg7 20. Ne5 Nf4
21. Qe4 Nd5 22. Qf3 Qf6 23. Qxf6+ Nxf6 24. g3 a5 25. Rc1 Nd5 26. a3 Rc7 27. Re2
Rec8 28. Ng4 b4 29. Rb1 Rb8 30. Ne5 Rbc8 31. Nf3 Rb8 32. Ne5 Rbc8 33. Nf3 Rb8
34. Ne5 Rbc8 35. Nf3 Rb8 36. Ne5 Rbc8 1/2-1/2

[Event "Ì15Ï"]
[Site "Loo"]
[Date "2017.04.23"]
[Round "4.63"]
[White "Ïðèùåíêî, Àíäðåé."]
[Black "Àñòàõîâ, Äìèòðèé."]
[Result "1-0"]
[WhiteElo "1280"]
[BlackElo "1495"]
[PlyCount "95"]
[EventDate "2017.04.20"]

1. e4 d5 2. exd5 Nf6 3. Nc3 Nxd5 4. d4 Nxc3 5. bxc3 Bf5 6. Qf3 Qc8 7. Bd3 Bg6
8. Ne2 e6 9. Rb1 c6 10. O-O Bd6 11. Bf4 Bc7 12. Qg3 Bxf4 13. Nxf4 Qc7 14. Nxg6
Qxg3 15. fxg3 hxg6 16. Rxb7 O-O 17. Rc7 f5 18. Re7 Rc8 19. Rxe6 c5 20. Bc4 Kh7
21. Bd5 Nd7 22. Bxa8 Rxa8 23. Rb1 cxd4 24. cxd4 Nb6 25. Rbe1 Nd5 26. c4 Nc3 27.
Re8 Rxe8 28. Rxe8 Nxa2 29. Ra8 Nb4 30. Rxa7 g5 31. d5 Nc2 32. d6 Nd4 33. d7 Ne6
34. c5 Kg6 35. c6 Kf7 36. c7 Nxc7 37. Rxc7 Ke7 38. d8=Q+ Kxd8 39. Rxg7 g4 40.
Kf2 Ke8 41. Ke3 Kf8 42. Ra7 f4+ 43. Kxf4 Kg8 44. Kf5 Kf8 45. Ke6 Kg8 46. Kf6
Kh8 47. Kg6 Kg8 48. Ra8# 1-0

[Event "Ì15Ï"]
[Site "Loo"]
[Date "2017.04.23"]
[Round "4.64"]
[White "Øè, Ìàêñèì."]
[Black "Òÿí, Îëåã."]
[Result "1/2-1/2"]
[WhiteElo "1462"]
[BlackElo "1136"]
[PlyCount "142"]
[EventDate "2017.04.20"]

1. d4 d5 2. Nf3 Nf6 3. c4 dxc4 4. Nc3 Bg4 5. e3 Nbd7 6. h3 Bh5 7. Bxc4 Nb6 8.
Be2 e6 9. e4 Bb4 10. Qd3 Bg6 11. Qb5+ c6 12. Qxb4 Nxe4 13. Nxe4 Bxe4 14. O-O a5
15. Qb3 Bd5 16. Qc2 Bxf3 17. Bxf3 Qxd4 18. Rd1 Qf6 19. Be3 Nd5 20. Bxd5 cxd5
21. Rac1 O-O 22. Bd4 Qh4 23. Qd3 Qd8 24. Qg3 f6 25. Be3 Rf7 26. Rc2 e5 27. Rdc1
d4 28. Bd2 Qd5 29. a3 Qb5 30. Bh6 Qd7 31. Bd2 g5 32. Qb3 Kg7 33. Qxf7+ Qxf7 34.
Rc7 Ra7 35. Rxf7+ Kxf7 36. g4 Kg6 37. f3 a4 38. Bb4 Ra6 39. Rc7 Rb6 40. Kf2 h5
41. Rc8 h4 42. Rc7 Rb5 43. Ke2 d3+ 44. Kxd3 Rd5+ 45. Ke4 Rd1 46. Ke3 Rh1 47.
Kf2 Rxh3 48. Kg2 Rg3+ 49. Kf2 Rh3 50. Rc1 Rh2+ 51. Kg1 Rxb2 52. Rc4 Rb3 53. Kg2
f5 54. Bd6 fxg4 55. fxg4 Kh6 56. Re4 Kg6 57. Rxe5 Rg3+ 58. Kf2 Rxg4 59. Be7 Rg3
60. Rb5 Rb3 61. Rxg5+ Kf7 62. Bb4 h3 63. Rh5 Ke6 64. Rb5 Rb2+ 65. Kg3 Rb3+ 66.
Kh2 Rb2+ 67. Kh1 Kd7 68. Rxb7+ Kc6 69. Rh7 h2 70. Rxh2 Rxh2+ 71. Kxh2 Kb5
1/2-1/2

[Event "Ì15Ï"]
[Site "Loo"]
[Date "2017.04.23"]
[Round "4.65"]
[White "Ãîëîâàíñêèõ, Äìèòðèé."]
[Black "Ñåðàæèì, Ñòàíèñëàâ."]
[Result "1-0"]
[WhiteElo "1447"]
[BlackElo "1040"]
[PlyCount "113"]
[EventDate "2017.04.20"]

1. e4 e5 2. Nf3 Nf6 3. Nxe5 d6 4. Nf3 Nxe4 5. d3 Nf6 6. h3 Nc6 7. Be2 Be7 8.
O-O O-O 9. d4 d5 10. c3 Ne4 11. Nbd2 Nxd2 12. Bxd2 Be6 13. Bf4 Bd6 14. Bxd6
Qxd6 15. Qc2 g6 16. Bd3 Qf4 17. Rfe1 Bxh3 18. gxh3 Qxf3 19. Re3 Qh5 20. Rae1 a6
21. Be2 Qf5 22. Qxf5 gxf5 23. Bd3 f4 24. Rf3 Rae8 25. Rxe8 Rxe8 26. Kf1 Ne7 27.
Rxf4 Ng6 28. Rg4 Kg7 29. Bxg6 fxg6 30. f3 Re6 31. Rg2 Kf6 32. Kf2 Kf5 33. h4 h6
34. Kg3 g5 35. hxg5 hxg5 36. Kf2 Rh6 37. Ke3 Rh1 38. Ke2 Rc1 39. Kd2 Rh1 40.
Ke3 Ra1 41. a3 b6 42. Rd2 Re1+ 43. Kf2 Re6 44. Rd1 Kf4 45. Rg1 Rf6 46. Rg4+ Kf5
47. Ke3 c6 48. Rg1 c5 49. dxc5 bxc5 50. Rd1 Ke5 51. b4 cxb4 52. axb4 Ke6 53.
Ra1 a5 54. Rxa5 Ke5 55. c4 g4 56. Rxd5+ Ke6 57. fxg4 {çàïèñü íåðàçáîð~~èâà} 1-0

[Event "Ì15Ï"]
[Site "Loo"]
[Date "2017.04.23"]
[Round "4.68"]
[White "Ìàðåâè÷åâ, Åãîð."]
[Black "Òåáëîåâ, Ðóñòåì."]
[Result "1-0"]
[WhiteElo "1488"]
[BlackElo "1234"]
[PlyCount "53"]
[EventDate "2017.04.20"]

1. e4 c5 2. Nf3 e6 3. d4 cxd4 4. c3 dxc3 5. Nxc3 Bb4 6. Bc4 Nf6 7. e5 Ne4 8.
Bd2 Nxc3 9. Bxc3 Bxc3+ 10. bxc3 Nc6 11. O-O Qa5 12. Qe1 O-O 13. Bd3 Ne7 14. Nd4
a6 15. f4 Qc5 16. Kh1 f5 17. exf6 Rxf6 18. Qg3 Qc7 19. Rf3 b5 20. Qg5 Ng6 21.
f5 Qxc3 22. Nb3 exf5 23. Be4 Qe5 24. Bxa8 Rd6 25. Qxf5 Qb2 26. Qf7+ Kh8 27.
Qf8+ 1-0

[Event "Ì15Ï"]
[Site "Loo"]
[Date "2017.04.23"]
[Round "4.69"]
[White "Âèòåð, Þðèé."]
[Black "Ãîçãåøåâ, Ýëüäàð."]
[Result "0-1"]
[WhiteElo "1207"]
[BlackElo "1475"]
[PlyCount "90"]
[EventDate "2017.04.20"]

1. e4 e6 2. d4 d5 3. e5 c5 4. c3 Nc6 5. Nf3 Nge7 6. Be2 Nf5 7. O-O Qb6 8. Be3
cxd4 9. cxd4 Qxb2 10. Qd2 Qxd2 11. Nbxd2 Bd7 12. Nb3 Be7 13. Bd3 Nxe3 14. fxe3
f6 15. exf6 Bxf6 16. Nc5 b6 17. Nxd7 Kxd7 18. Bb5 a6 19. Ne5+ Bxe5 20. Bxc6+
Kxc6 21. dxe5 Rhf8 22. Rac1+ Kb7 23. Rf2 Rxf2 24. Kxf2 Rc8 25. Rf1 Rf8+ 26. Ke2
Rxf1 27. Kxf1 Kc6 28. Ke2 Kc5 29. Kd2 b5 30. Kd3 b4 31. Kc2 Kc4 32. Kd2 a5 33.
Kc2 a4 34. Kd2 b3 35. axb3+ axb3 36. h3 g5 37. g4 h6 38. Kc1 Kc3 39. Kb1 b2 40.
Ka2 Kc2 41. Ka3 b1=Q 42. Ka4 Qb6 43. e4 d4 44. h4 Kc3 45. hxg5 Qb4# 0-1

[Event "Ì15Ï"]
[Site "Loo"]
[Date "2017.04.23"]
[Round "4.71"]
[White "Ïåòÿêîâ, Ýìèð."]
[Black "Þñóïîâ, Ìàðê."]
[Result "0-1"]
[WhiteElo "1191"]
[BlackElo "1280"]
[PlyCount "56"]
[EventDate "2017.04.20"]

1. d4 d5 2. Bf4 Bf5 3. Nf3 e6 4. e3 Nd7 5. Be2 Ngf6 6. Ne5 Nxe5 7. Bxe5 Nd7 8.
Bf4 Be7 9. g4 Bg6 10. Nd2 f6 11. h4 e5 12. Bg3 h6 13. f4 Bd6 14. f5 Bf7 15. c3
exd4 16. exd4 Bxg3+ 17. Kf1 Qe7 18. Kg2 Bf4 19. Re1 O-O-O 20. Bb5 Qd6 21. Nf3
c6 22. Bd3 Rhe8 23. Qb3 Nb6 24. a4 Nc4 25. a5 a6 26. Ra4 Nd2 27. Rxe8 Nxb3 28.
Rxd8+ Qxd8 0-1

[Event "Ì15Â"]
[Site "Loo"]
[Date "2017.04.23"]
[Round "4.1"]
[White "Øóáèí, Êèðèëë."]
[Black "Íåñòåðîâ, Àðñåíèé."]
[Result "0-1"]
[WhiteElo "2287"]
[BlackElo "2324"]
[PlyCount "84"]
[EventDate "2017.04.20"]

1. d4 Nf6 2. c4 e6 3. Nf3 b6 4. g3 Bb7 5. Bg2 Be7 6. O-O O-O 7. Nc3 Ne4 8. Bd2
Bf6 9. Qc2 Nxd2 10. Qxd2 d6 11. e4 Nd7 12. Rad1 g6 13. Rfe1 Bg7 14. h4 Rc8 15.
b3 e5 16. d5 a5 17. a3 Ra8 18. h5 Bc8 19. Nh4 Nc5 20. Rb1 Bg4 21. b4 Nd7 22.
hxg6 fxg6 23. Nd1 Nf6 24. Ne3 axb4 25. axb4 Bd7 26. Bf3 Bh6 27. Qe2 Ra4 28. Qd1
Ra3 29. Qc1 Ra2 30. Rb2 Rxb2 31. Qxb2 Bg5 32. Neg2 Bxh4 33. Nxh4 g5 34. Nf5 g4
35. Bd1 Bxf5 36. exf5 Qd7 37. Bc2 Ra8 38. Qc1 Qf7 39. Qe3 b5 40. cxb5 Nxd5 41.
Qb3 Nb6 42. Qxf7+ Kxf7 {äàëåå çàïèñü íåðàçáîð~~èâà} 0-1

[Event "Ì15Â"]
[Site "Loo"]
[Date "2017.04.23"]
[Round "4.2"]
[White "Öîé, Äìèòðèé."]
[Black "Ðåìèçîâ, ßðîñëàâ."]
[Result "1-0"]
[WhiteElo "2305"]
[BlackElo "2218"]
[PlyCount "31"]
[EventDate "2017.04.20"]

1. e4 c5 2. Nf3 d6 3. d4 cxd4 4. Nxd4 Nf6 5. f3 e5 6. Nb3 d5 7. Bg5 Be6 8. Bxf6
gxf6 9. exd5 Qxd5 10. Qxd5 Bxd5 11. Nc3 Bc6 12. Nb5 Na6 13. O-O-O Bh6+ 14. Kb1
O-O 15. Nd6 Rad8 16. Bxa6 1-0

[Event "Ì15Â"]
[Site "Loo"]
[Date "2017.04.23"]
[Round "4.3"]
[White "Ïîãîñÿí, Ñòåôàí."]
[Black "Ñêà÷êîâ, Âàëåðèé."]
[Result "1-0"]
[WhiteElo "2387"]
[BlackElo "2149"]
[PlyCount "91"]
[EventDate "2017.04.20"]

1. d4 Nf6 2. c4 e6 3. Nc3 Bb4 4. Qc2 O-O 5. a3 Bxc3+ 6. Qxc3 b6 7. Bg5 Bb7 8.
f3 h6 9. Bh4 d5 10. e3 Nbd7 11. cxd5 exd5 12. Bd3 Re8 13. Ne2 c5 14. O-O Qe7
15. Bf2 Rac8 16. Qd2 Nf8 17. Ng3 g6 18. Rfe1 Ne6 19. Rac1 Qf8 20. Ne2 Qg7 21.
Nc3 Red8 22. b4 cxd4 23. exd4 Ne8 24. Nb5 a6 25. Nc3 Nxd4 26. Na4 Bc6 27. Nxb6
Nb3 28. Qd1 Nxc1 29. Nxc8 Nxd3 30. Ne7+ Kh7 31. Qxd3 Bb5 32. Qd1 d4 33. a4 Bd7
34. Re4 Nc7 35. Bxd4 Qf8 36. Bb2 Ne6 37. Nd5 Bc6 38. Nf6+ Kh8 39. Qc1 Qg7 40.
Qxc6 Rd1+ 41. Kf2 Rd2+ 42. Re2 Rxb2 43. Qe8+ Nf8 44. Rxb2 Qxf6 45. Qxf8+ Kh7
46. Rd2 1-0

[Event "Ì15Â"]
[Site "Loo"]
[Date "2017.04.23"]
[Round "4.4"]
[White "Âîëîâè÷, Âàñèëèé."]
[Black "Àâàëÿí, Àðòóð."]
[Result "1/2-1/2"]
[WhiteElo "2152"]
[BlackElo "2163"]
[PlyCount "85"]
[EventDate "2017.04.20"]

1. e4 e6 2. d4 d5 3. e5 c5 4. c3 Nc6 5. Nf3 Qb6 6. a3 Nh6 7. b4 cxd4 8. cxd4
Nf5 9. Be3 Nxe3 10. fxe3 f6 11. exf6 gxf6 12. Nc3 Bd7 13. Na4 Qd8 14. Nc5 Bxc5
15. bxc5 Qa5+ 16. Qd2 Qxd2+ 17. Nxd2 Rg8 18. g3 e5 19. Bb5 Ne7 20. Rb1 O-O-O
21. Bxd7+ Rxd7 22. O-O Nc6 23. Nb3 Rg6 24. Rf5 Kd8 25. Rbf1 Ke7 26. dxe5 Nxe5
27. Nd4 Nc4 28. Rh5 Ke8 29. c6 bxc6 30. Nxc6 Nxa3 31. Ra1 Nc4 32. Nxa7 Nxe3 33.
Nc6 Kf8 34. Nd4 Re7 35. Nc6 Rf7 36. Nd4 f5 37. Ra8+ Kg7 38. Re8 f4 39. Ne6+ Kf6
40. Nxf4 d4 41. Nxg6 Kxg6 42. Rxe3 dxe3 43. Re5 1/2-1/2

[Event "Ì15Â"]
[Site "Loo"]
[Date "2017.04.23"]
[Round "4.5"]
[White "Êîëäàåâ, Äóíãàð."]
[Black "Êûòèí, Ìàêàð."]
[Result "1-0"]
[WhiteElo "1988"]
[BlackElo "2120"]
[PlyCount "85"]
[EventDate "2017.04.20"]

1. e4 c5 2. Nf3 e6 3. b3 Nc6 4. Bb2 Qc7 5. Bb5 Nge7 6. O-O a6 7. Be2 Ng6 8. g3
b6 9. d3 Bb7 10. Nbd2 f6 11. c3 e5 12. d4 d6 13. Rc1 Qd7 14. Re1 Be7 15. h4
O-O-O 16. d5 Nb8 17. Ng5 h5 18. Nc4 Qe8 19. Ne6 Nd7 20. b4 Nxh4 21. Nxd8 Kxd8
22. Kf1 f5 23. Bd3 Qf7 24. gxh4 b5 25. Na5 Ba8 26. Nc6+ Kc7 27. Nxe7 Qxe7 28.
Ke2 c4 29. Bb1 Qxh4 30. Rg1 fxe4 31. Qd2 Rf8 32. Rcf1 Rf5 33. Qe3 Bxd5 34. Rxg7
Qf4 35. Qxf4 exf4 36. Bc2 Kc6 37. Rfg1 f3+ 38. Ke3 Nf6 39. R1g5 Rxg5 40. Rxg5
Ng4+ 41. Rxg4 hxg4 42. Bc1 g3 43. Bxe4 1-0

[Event "Ì15Â"]
[Site "Loo"]
[Date "2017.04.23"]
[Round "4.6"]
[White "Øóìèëîâ, Äåìüÿí."]
[Black "Åðèöÿí, Àðàì."]
[Result "0-1"]
[WhiteElo "1984"]
[BlackElo "2372"]
[PlyCount "88"]
[EventDate "2017.04.20"]

1. d4 Nf6 2. c4 e6 3. Nc3 Bb4 4. e3 O-O 5. Bd3 d5 6. Nge2 dxc4 7. Bxc4 c5 8.
O-O cxd4 9. exd4 Nc6 10. Rb1 b6 11. f3 Bb7 12. Be3 Rc8 13. Bd3 Bxc3 14. Nxc3
Nb4 15. Be4 Nbd5 16. Nxd5 Nxd5 17. Bf2 Qg5 18. Bxd5 Bxd5 19. b3 Qg6 20. Rb2 Rc6
21. Qb1 Qg5 22. Qd3 Rfc8 23. Be3 Qe7 24. Qd2 Rc3 25. g3 Qa3 26. Rf2 Qa6 27. Qe2
Qa3 28. Qd2 a5 29. Qe2 a4 30. Qa6 Ra8 31. Qe2 axb3 32. axb3 Bxb3 33. Rxb3 Qxb3
34. Bf4 Qc4 35. Qe4 Qd5 36. Qe2 b5 37. Kg2 b4 38. Bd2 Rc2 39. Qd3 b3 40. Bc3
Rc8 41. Ba1 Rxf2+ 42. Kxf2 Rc2+ 43. Ke3 h6 44. Bc3 Qc6 0-1

[Event "Ì15Â"]
[Site "Loo"]
[Date "2017.04.23"]
[Round "4.7"]
[White "Ìàêàðÿí, Ðóäèê."]
[Black "Áåäåíêî, Íèêèòà."]
[Result "1-0"]
[WhiteElo "2207"]
[BlackElo "1966"]
[PlyCount "93"]
[EventDate "2017.04.20"]

1. e4 Nf6 2. e5 Nd5 3. c4 Nb6 4. d4 d6 5. exd6 cxd6 6. Nc3 g6 7. Be3 Bg7 8. Rc1
Nc6 9. d5 Ne5 10. f4 Ng4 11. Bd4 Nf6 12. Be2 O-O 13. Nf3 Bg4 14. O-O a6 15. b3
Nbd7 16. h3 Bxf3 17. Bxf3 b5 18. cxb5 axb5 19. b4 Qb8 20. Qe2 Qb7 21. Rfe1 Qa6
22. Qd3 Rfe8 23. Be2 Reb8 24. a4 Qb7 25. a5 Nxd5 26. Nxd5 Qxd5 27. Bxg7 Qxd3
28. Bxd3 Kxg7 29. Rxe7 Nf6 30. Rcc7 Rf8 31. Bxb5 Nd5 32. Bc6 Nxe7 33. Bxa8 Rxa8
34. Rxe7 Rb8 35. Re4 Kf6 36. Rd4 Ke6 37. Kf2 d5 38. Ke2 Kd6 39. Kd2 Kc6 40. Kc2
Re8 41. Rd3 Re4 42. Kb3 Rxf4 43. Rc3+ Kb7 44. b5 Rf2 45. a6+ Kb8 46. b6 Rf6 47.
a7+ 1-0

[Event "Ì15Â"]
[Site "Loo"]
[Date "2017.04.23"]
[Round "4.8"]
[White "Ìóõóòäèíîâ, Òèãðàí."]
[Black "Æàêàìóõîâ, Ýäóàðä."]
[Result "1-0"]
[WhiteElo "2136"]
[BlackElo "1919"]
[PlyCount "83"]
[EventDate "2017.04.20"]

1. e4 c5 2. Nf3 d6 3. d4 cxd4 4. Nxd4 Nf6 5. Nc3 a6 6. Be3 e5 7. Nb3 Be6 8. Qd2
Be7 9. O-O-O O-O 10. f4 Nbd7 11. f5 Bxb3 12. axb3 b5 13. g4 b4 14. Nd5 Nxd5 15.
Qxd5 Nf6 16. Qd3 Nxg4 17. Rg1 Nxe3 18. Qxe3 Kh8 19. Bc4 a5 20. Bd5 Rc8 21. Rd3
h6 22. Qe2 Qd7 23. Rh3 Bf6 24. Qh5 Kh7 25. Rxg7+ Bxg7 26. f6 Qxh3 27. Qxh3 Bxf6
28. Bxf7 Bg5+ 29. Kb1 Rc7 30. Bc4 Rf6 31. Qd3 Kg6 32. Qd5 Rc5 33. Qg8+ Kh5 34.
Qe8+ Kg4 35. Qd7+ Kf3 36. Qh3+ Kxe4 37. Qd3+ Kf4 38. Qg3+ Kf5 39. h4 Bf4 40.
Qh3+ Kg6 41. Qg4+ Kh7 42. Qg8# 1-0

[Event "Ì15Â"]
[Site "Loo"]
[Date "2017.04.23"]
[Round "4.9"]
[White "Øîáîåâ, Äàíäàð."]
[Black "Àêî÷¸íîê, Äàíèèë."]
[Result "0-1"]
[WhiteElo "2110"]
[BlackElo "1917"]
[PlyCount "116"]
[EventDate "2017.04.20"]

1. d4 Nf6 2. c4 g6 3. Nc3 Bg7 4. e4 d6 5. f3 O-O 6. Be3 Nbd7 7. Qd2 e5 8. d5
Ne8 9. Bd3 f5 10. exf5 gxf5 11. Bg5 Ndf6 12. O-O-O c6 13. Qc2 Qd7 14. Nge2 Kh8
15. Ng3 Ng8 16. Kb1 Qf7 17. Rhe1 b5 18. cxb5 cxd5 19. Nxd5 Be6 20. Bc4 Rc8 21.
b3 Nef6 22. Qd2 Qg6 23. Bxf6 Bxf6 24. Nxf6 Rxf6 25. Bxe6 Rxe6 26. Rc1 Rd8 27.
Qc2 Ne7 28. Ka1 d5 29. Qc7 Rc8 30. Qd7 Rxc1+ 31. Rxc1 f4 32. Nh5 Kg8 33. g4 Kf7
34. Rc7 Qd3 35. Qd8 Qd1+ 36. Kb2 Qe2+ 37. Rc2 Qxf3 38. Qh8 Qxg4 39. Qxh7+ Kf8
40. Rc7 Qg6 41. Qh8+ Qg8 42. Qxg8+ Kxg8 43. Kc2 Kf8 44. Rxa7 Rh6 45. Ng7 Kxg7
46. Rxe7+ Kf6 47. Rd7 Rxh2+ 48. Kd1 Rxa2 49. Rxd5 Ke6 50. Rc5 Kd6 51. b4 Rb2
52. Rc8 Rxb4 53. Rd8+ Kc5 54. Re8 e4 55. Re5+ Kd4 56. Rf5 f3 57. Ke1 Ke3 58.
Kd1 f2 0-1

[Event "Ì15Â"]
[Site "Loo"]
[Date "2017.04.23"]
[Round "4.10"]
[White "Øèäëîâñêèé, Àðòåìèé."]
[Black "Îñèïîâ, Äàíèèë."]
[Result "1-0"]
[WhiteElo "1975"]
[BlackElo "2091"]
[PlyCount "97"]
[EventDate "2017.04.20"]

1. d4 Nf6 2. c4 c5 3. d5 e6 4. Nf3 exd5 5. cxd5 d6 6. e4 g6 7. Bd3 Bg7 8. h3
O-O 9. O-O b5 10. a4 b4 11. Nbd2 Re8 12. Re1 Ba6 13. Qc2 Bxd3 14. Qxd3 Nbd7 15.
a5 Qe7 16. Nc4 Nxe4 17. Bf4 f5 18. Nfd2 Bd4 19. Nxe4 fxe4 20. Qg3 Nf6 21. Re2
Nxd5 22. Bg5 Nf6 23. Nxd6 Rf8 24. Bh6 Qe6 25. Bxf8 Rxf8 26. Nb5 Be5 27. Nc7 Qe7
28. Qb3+ Kh8 29. Ne6 Re8 30. Ng5 Kg7 31. Rae1 Bd4 32. Qc2 Qc7 33. Nxe4 Nd5 34.
Ng5 Qg3 35. Rxe8 Qxg5 36. Qe4 Bxb2 37. Ra8 Bc3 38. Rxa7+ Kh6 39. Rd1 Nf6 40.
Qc4 Qh5 41. f3 Qg5 42. a6 Nh5 43. Qg4 Qe3+ 44. Kh1 Be5 45. Re7 Qc3 46. Rxe5
Qxe5 47. f4 Nxf4 48. a7 Qe4 49. Qh4+ 1-0